000 00608nam a2200229Ia 4500
003 OSt
005 20221007071703.0
006 a|||||r|||| 00| 0
007 ta
008 221006b |||||||| |||| 00| 0 eng d
024 _a12,793
037 _cTextual
040 _aFLL
_cFLL
_beng
041 _2eng
_aeng
082 _aV3:2:N5, K7
100 _aJenkins W.J. Au.
_9689214
245 0 _aHer majesty's government
260 _aLondon
_bGeorge Allen & Unwin ltd. London
_c1967
300 _a137p
_ccm.
942 _hV3:2:N5, K7
_cTEXL
_2CC
999 _c1143974
_d1143974